| 000 | 00550nam a22001217a 4500 | ||
|---|---|---|---|
| 040 | _cRUA | ||
| 082 | _aAVM RER 2025 B705 Or.1 | ||
| 100 | _aRERNGBUNNOY, រឿង ប៊ុនណយ | ||
| 245 | _aCase of feline panleukopenia virus in veterinary hospital at khamkarmon, phnom penh, ករណី Feline panleukopenia virus នៅមន្ទីពេទ្យសត្វ ក្នុងខណ្ឌចំការមន រាជធានីភ្នំពេញ | ||
| 260 |
_aPHNOM PENH _bRUA _c2025 |
||
| 300 |
_axi,43p. _bill. _c29cm. |
||
| 942 | _cAVM | ||
| 999 |
_c25822 _d25822 |
||